Microeconomic theory : Issues and application

Bibliographic Details
Main Author: Deserpa, Allan C. (Author)
Format: Book
Language:English
Published: Boston : Allyn and Bacon Inc 1985
Subjects:

MARC

LEADER 00000cam a2200000 7i4500
001 0000000612
005 20240919.0
008 991124 mau eng
020 |a 0205083390 
040 |a INS   |b eng   |e rda 
090 0 0 |a HB172   |b .D47 1985 
100 1 |a Deserpa, Allan C. ,   |e author 
245 1 0 |a Microeconomic theory :   |b Issues and application   |c Allan C. Deserpa 
264 1 |a Boston :   |b Allyn and Bacon Inc   |c 1985 
300 |a xvii, 652 pages ;   |c 23 cm. 
336 |a text  |2 rdacontent 
337 |a unmediated  |2 rdamedia 
338 |a volume  |2 rdacarrier 
500 |a Includes index 
650 0 |a Microeconomics 
999 |a 0000003359   |b BOOK   |c Open Shelf   |e Default branch